| 000 | 00572nam a22001817a 4500 | ||
|---|---|---|---|
| 999 |
_c177763 _d177763 |
||
| 005 | 20210302170447.0 | ||
| 010 | _aENG-129118 | ||
| 020 |
_c175.00 _a978-93-88720-89-0 |
||
| 035 | _aEN-112650 | ||
| 037 | _bDBAD/PUB | ||
| 082 | _a650.1 | ||
| 100 | _aHill, Napoleon | ||
| 245 |
_aThink and Grow Rich/ _cNapoleon Hill |
||
| 260 |
_aDelhi _bPharos Books (P) Ltd. _c2020 |
||
| 270 |
_bDelhi _e110092 _aA-55, Main Mother Dairy Road, Pandav Nagar _k8447931000, 9319228272 _msales@pharosbooks.in |
||
| 300 |
_a219p. _c22cm(pbk) |
||
| 942 |
_2ddc _cEN _h650.1 _mHIL |
||